| 000 | 00581cac a2200205 a 4500 | ||
|---|---|---|---|
| 003 | CO-PeBPM | ||
| 005 | 20250427214645.0 | ||
| 008 | 250427e2004 |||||||| |||| 00| 0 spa d | ||
| 020 | _a9588236010 | ||
| 040 | 0 |
_aCO-PeBPM _bspa _cCO-PeBPM |
|
| 041 | 0 | _aspa | |
| 082 | 0 | 4 | _a300.72 D461i |
| 100 |
_aDeslauriers,Jean Pierre _eautor |
||
| 245 | 1 | 0 |
_aInvestigación Cualitativa _b: Guia pracica _c/ Jean Pierre Deslauriers |
| 260 |
_aPereira,Colombia _b: Editorial Papiro _c2004 |
||
| 300 | _a142 pƔginas | ||
| 490 | _aBiblioteca | ||
| 500 | _aIncluye Indice | ||
| 942 |
_2ddc _cBK _n0 |
||
| 999 |
_c60743 _d60743 |
||